| 000 | 00498 a2200121 4500 | ||
|---|---|---|---|
| 001 | 57690 | ||
| 082 | _a80310 | ||
| 090 |
_c35371 _d35371 |
||
| 245 |
_aAmplifiers PArt 5 , 57min [DVD 205] with 28 pages instructional manual _bthis DVD begins with basic amplifiers like the class A, class b and class C amplifiers. you will then proceed into the operational amplifiers and see why it is so widely used in todays modern circuits. |
||
| 260 |
_aOhio _bUCANDO _c1994 |
||
| 500 | _aCD/DVD | ||
| 610 | _aUCANDO | ||
| 942 |
_aNUST-CAE _k80310 |
||
| 999 |
_c292763 _d292763 |
||